000 00469nam a2200193 a 4500
001 23911
003 CO-ViMGA
008 141112s2004 ck r 000 u spa d
020 _a9802572918
040 _aCO-ViMGA
_bspa
_cCO-ViMGA
082 _aRIQc
245 1 0 _aRiqui riqui riqui ran
260 _aVenezuela :
_bekare
300 _a75p.
490 _aClave de sol
650 1 4 _a2 : CANCIONES INFANTILES
_95783
650 1 4 _aPOESIA INFANTIL
_91029
942 _2ddc
_cBK
999 _c11000
_d11000